000 02367cam a22003011i 4500
003 SA-RiAUC
005 20250706113109.0
008 250705s1986 le g d 000 0 ara c
040 _aSA-MuMU
_bara
_cSA-RiAUC
_erda
082 0 4 _a413
090 _a413
_bف ي ر
100 1 _aالفيروزآبادي، محمد بن يعقوب بن محمد،
_d729-817 هجري
_eمؤلف.
240 1 2 _aالقاموس المحيط
245 1 2 _aالقاموس المحيط /
_cتأليف مجد الدين أبو طاهر محمد بن يعقوب الفيروزآبادي ؛ تحقيق مؤسسة الرسالة.
250 _aالطبعة فنية مرقمة مصححة.
264 1 _aبيروت :
_bمؤسسة الرسالة،
_c1986
300 _a1750 صفحة ؛
_c25 سم.
336 _aنص
_btxt
_2rdacontent
_3كتاب
337 _aبدون وسيط
_bn
_2rdamedia
338 _aمجلد
_bnc
_2rdacarrier
490 0 _aقواميس عربي عربي مختلفة
650 7 _aاللغة العربية
_vمعاجم
_2aucsh
710 2 _aمؤسسة الرسالة (بيروت)
_eمحقق.
856 _uhttp://www.alwaraq.net/Core/AlwaraqSrv/bookpage?book=276&option=1&fkey=2&page=1
_yDigital Copy
_2 نرجو الانتباه لإمكانية وجود اختلاف في الطبعة أو الناشر بين البيانات على البوابة وما ستجده على الكتاب نظرا لمحدودية المعلومات المتاحة على الموقع الناشر للمادة.
_3Please note that there may be a difference in the edition or publisher between the data on the portal and the book due to the limited information available on the publisher website for the material.
856 _uhttp://www.alwaraq.net/Core/waraq/coverpage?bookid=276&option=1
_yExternal Link
_2 نرجو الانتباه لإمكانية وجود اختلاف في الطبعة أو الناشر بين البيانات على البوابة وما ستجده على الكتاب نظرا لمحدودية المعلومات المتاحة على الموقع الناشر للمادة.
_3Please note that there may be a difference in the edition or publisher between the data on the portal and the book due to the limited information available on the publisher website for the material.
942 _2ddc
_cBOOK
_n0
949 _aSA-JeALM
_d250705
_umohamedma123
_n1
999 _c9540
_d9540